[Event "SMM Luzern-Riehen"]
[Site "Luzern"]
[Date "2008.04.20"]
[Round "3.3"]
[White "Papa, Severin"]
[Black "Kaenel, Hansjuerg"]
[Result "1-0"]
[WhiteElo "2454"]
[BlackElo "2358"]
[PlyCount "51"]
[EventDate "2008.04.20"]
[Source "Mark Crowther"]
[SourceDate "2008.01.14"]

1. e4 c5 {B20: Sizilianisch} 2. Na3 Nc6 3. Bb5 Qc7 4. Nf3 (4. c3 Nf6 5. Qe2 d6
6. Nf3 a6 7. Ba4 b5 8. Bc2 e5 9. h3 Be7 10. O-O O-O 11. Rd1 Be6 12. d4 cxd4 13.
cxd4 exd4 14. Nxd4 Nxd4 15. Rxd4 Rac8 16. Bf4 Qc5 17. Qd2 d5 18. e5 Ne4 {
Svidler,P (2765)-Malakhov,V (2694)/Moscow 2006/EXT 2007/0-1 (39)}) 4... a6 (
4... g6 5. d4 cxd4 6. Bxc6 bxc6 7. Qxd4 f6 8. O-O Nh6 9. e5 fxe5 10. Nxe5 Nf5
11. Qe4 Bg7 12. Bf4 d6 13. Nd3 O-O 14. c3 e5 15. Bg3 d5 16. Qa4 Nxg3 17. hxg3
e4 18. Nf4 Rb8 19. Rab1 {Szabo,G (2496)-Shishkin,V (2474)/Bucharest 2007/CBM
117 ext/0-1 (39)}) 5. Bxc6 Qxc6 6. O-O Qxe4 $146 (6... d6 7. Re1 Bg4 8. c3 Nf6
9. h3 Bxf3 10. Qxf3 e6 11. d3 Be7 12. Qg3 O-O 13. Bh6 Ne8 14. Nc4 Kh8 15. Bf4
b5 16. Nd2 Nf6 17. Qf3 Nd7 18. Rac1 Rac8 19. Qe2 Bf6 20. Nf3 Qb6 21. Red1 {
Deviatkin,A (2530)-Bernasek,J (2459)/Pardubice 2006/CBM 113 ext/1/2-1/2 (92)})
(6... e6 7. Re1 b6 8. d4 cxd4 9. Qxd4 Nf6 10. Bg5 Bc5 11. Qd3 Bb7 12. Rad1 d6
13. Bxf6 gxf6 14. Nc4 O-O-O 15. Qc3 Kb8 16. Ncd2 e5 17. Nb3 f5 18. Nxc5 bxc5
19. exf5 Rhg8 20. Kf1 Qb5+ 21. Kg1 {Malakhov,V (2690)-Vorobiov,E (2539)/Tomsk
2006/CBM 114 ext/1/2-1/2 (40)}) 7. d4 cxd4 8. Re1 Qc6 9. Bf4 b5 (9... e6 10.
Nxd4 Qa4 11. Nb1 $11) 10. Nxd4 $14 Qb6 11. c4 e6 12. cxb5 Bxa3 13. bxa3 Ne7 14.
Rc1 (14. Be3 $142 Qa5 15. b6 $16) 14... Nd5 $2 (14... axb5 $142 15. Be3 Qa6 $11
) 15. Nxe6 $18 dxe6 (15... fxe6 16. Qxd5 Bb7 17. Qh5+ g6 $18) 16. Qxd5 Bb7 17.
Qg5 O-O 18. Rc7 h6 19. Qg3 Kh7 $4 (19... Bd5 20. Be5 g5 $18) 20. Be5 g5 21.
Qd3+ Kg8 22. Qg6+ $3 fxg6 23. Rg7+ Kh8 24. Rxb7+ Kg8 25. Rg7+ Kh8 26. Rxg6+ (
26. Rxg6+ Kh7 27. Rg7+ Kh8 28. Rxg5+ Kh7 29. Rg7+ Kh8 30. Rb7+ Kg8 31. Rxb6
axb5 32. Rxe6 $18) 1-0

[Event "10. Open"]
[Site "Dubai "]
[Date "2008.04.08"]
[Round "3"]
[White "Pantsulaia, Levan"]
[Black "So, Wesley"]
[Result "0-1"]
[WhiteElo "2617"]
[BlackElo "2540"]
[PlyCount "96"]
[EventDate "2008.04.07"]
[EventType "swiss"]
[EventRounds "9"]
[EventCountry "UAE"]
[Source "Mark Crowther"]
[SourceDate "2008.01.14"]

1. d4 Nf6 2. c4 e6 3. Nf3 b6 4. g3 Ba6 {E15: Damenindisch} 5. Qc2 c5 6. d5 exd5
7. cxd5 Bb7 8. Bg2 Nxd5 9. O-O Be7 10. Qe4 (10. Rd1 Qc8 11. Qf5 (11. Nh4 Bxh4
12. Rxd5 Be7 13. Nc3 Nc6 14. Qe4 O-O 15. Rh5 f5 16. Rxf5 Rxf5 17. Qxf5 Nd4 18.
Bd5+ Bxd5 19. Qxd5+ Kh8 20. Bf4 Qg8 21. Qxd7 Bf6 22. Qb7 Rd8 23. Kh1 Qe8 24.
Rd1 Nxe2 25. Rxd8 Bxd8 {Fressinet,L (2656)-Lutz,C (2588)/Godesberg 2008 / 1-0})
11... Nf6 12. Nc3 O-O 13. Bg5 d6 14. Qxc8 Rxc8 15. Nb5 Nbd7 16. Nxd6 Bxd6 17.
Rxd6 h6 18. Be3 Nf8 19. Nh4 Bxg2 20. Kxg2 Ne8 21. Rd3 Rd8 22. Rad1 Ne6 23. Nf5
Kf8 24. g4 Rxd3 {Gelfand,B (2733)-Ivanchuk,V (2729)/Sochi 2007 / 1/2-1/2})
10... Bc6 $146 (10... Qc7 11. Nh4 O-O 12. Nf5 Bf6 13. Rd1 Na6 14. Rxd5 Rae8 15.
Qg4 Bxd5 16. Bxd5 Kh8 17. Bf4 Be5 18. Nc3 g6 19. Ne3 Bxf4 20. Qxf4 Qxf4 21.
gxf4 Nc7 22. Rd1 Ne6 23. Bxe6 dxe6 24. Rd7 Rd8 25. Rxa7 {Pantsulaia,L (2611)
-Sakelsek,T (2479)/Istanbul 2007 / 1-0}) 11. Ne5 Nf6 12. Nxc6 Nxc6 13. Qa4 O-O
14. Nc3 a6 15. Bxc6 dxc6 16. Qxc6 b5 17. Bf4 Qc8 18. Qf3 Qe6 19. e4 Rad8 20.
Rfe1 Rfe8 21. Rad1 Rxd1 22. Rxd1 Bf8 23. e5 Nd7 24. Qb7 (24. Rd5 c4 $11) 24...
Nxe5 $15 25. Bxe5 Qxe5 26. Qxa6 b4 27. Na4 g6 28. Qc4 Qh5 29. Rf1 (29. Rc1 $5
$15) 29... Qf3 $17 30. Nb6 Rd8 31. Qc2 Bg7 32. Nc4 (32. Re1 Bd4 $15) 32... Bd4
(32... Re8 33. Qd1 Qe2 34. Qxe2 Rxe2 35. a4 Bxb2 36. Nxb2 Rxb2 37. Rc1 $17) 33.
Na5 (33. Re1 $5 $15) 33... Qa8 $17 34. Nb3 Qxa2 35. Nxd4 (35. Rd1 Qa4 $17)
35... cxd4 $19 36. Rd1 d3 $1 37. Qd2 (37. Rxd3 Qa1+ 38. Kg2 Rxd3 39. Qxd3 Qxb2
$19) 37... Qc4 38. Rc1 (38. Qe1 Qd4 39. Rd2 Kg7 $19) 38... Qe4 39. Re1 Qd4 40.
h4 h5 41. Rd1 (41. Kg2 $142 $19) 41... Re8 42. Qf4 (42. Kg2 Qd5+ 43. Kh3 Qd7+
44. Kh2 $19) 42... Qxb2 43. Qd6 (43. Kg2 Qc2 44. Rd2 Qc3 $19) 43... Re2 (43...
Qc2 44. Rxd3 b3 45. Rd1 $19) 44. Qb6 (44. Qd8+ Kh7 45. Qxd3 Rxf2 $19) 44... b3
(44... Kg7 45. Qa7 Qc3 46. Qa1 Qxa1 47. Rxa1 $19) 45. Kg2 Qc2 (45... Qa2 $142
46. Rxd3 b2 $19) 46. Ra1 $4 (46. Qd8+ Kg7 47. Qd4+ f6 48. Qa7+ Kh6 49. Qb6 $19)
46... b2 47. Ra8+ Kh7 48. Rb8 b1=Q $1 (48... b1=Q 49. Qf6 Qxb8 50. Qxf7+ Kh6
51. Qf3 d2 52. g4 d1=Q 53. g5+ Kg7 54. Qe3 Rxf2+ 55. Qxf2 Qe4+ 56. Kh3 Qdg4#)
0-1

[Event "3. Open"]
[Site "Kolkata IND"]
[Date "2008.03.31"]
[Round "8"]
[White "Sandipan, Chanda"]
[Black "Rahman, Zia"]
[Result "1-0"]
[WhiteElo "2593"]
[BlackElo "2492"]
[PlyCount "77"]
[EventDate "2008.03.24"]
[EventType "swiss"]
[EventRounds "10"]
[EventCountry "IND"]
[Source "Mark Crowther"]
[SourceDate "2008.01.14"]

1. e4 g6 2. d4 Bg7 3. Nc3 c6 {B06: Moderne Verteidigung} 4. f4 Qb6 5. Nf3 d5 6.
e5 Bg4 7. Be2 Nh6 8. Ng5 (8. Na4 Qa5+ 9. c3 Bxf3 (9... Nd7 10. O-O b5 11. Nc5
Nxc5 12. b4 Qa4 13. bxc5 Qxd1 14. Rxd1 Kd7 15. a4 a6 16. h3 Bf5 17. Rd2 Kc7 18.
g4 Bd7 19. Rda2 Kb7 20. Kf2 f6 21. Kg3 Nf7 22. Bd3 fxe5 23. fxe5 Nd8 24. Ng5 {
Howell,D (2471)-Cicak,S (2530)/Stockholm 2007/1-0}) 10. Bxf3 Nd7 11. b4 Qc7 12.
O-O a5 13. Be3 Nf5 14. Bf2 h5 15. Nc5 axb4 16. Nxd7 Kxd7 17. cxb4 Ra3 18. b5 e6
19. bxc6+ bxc6 20. Qd2 Qa5 21. Qb2 Rc8 22. Bd1 Qc3 {Shomoev,A (2558)-Sanduleac,
V (2492)/Istanbul 2003/0-1}) 8... Bxe2 9. Nxe2 e6 $146 (9... c5 10. dxc5 Qxc5
11. Qd3 O-O 12. c3 Rc8 13. Nd4 Qc4 14. Qh3 Na6 15. Kf2 Nc5 16. Rd1 f6 17. Nge6
Nf7 18. Nxg7 Kxg7 19. Kg1 Qa6 20. Be3 Kh8 21. exf6 exf6 22. f5 Ne5 23. fxg6
Nxg6 24. Rf1 {Stellwagen,D (2543)-Cicak,S (2506)/Malmo 2006/1-0}) 10. O-O c5
11. Be3 Ng4 12. Qd2 Nxe3 13. Qxe3 cxd4 14. Nxd4 Nc6 15. c3 Nxd4 16. cxd4 O-O
17. Rf2 Rac8 18. g4 Rc4 19. Rd1 Rfc8 20. Rdd2 Rc1+ 21. Kg2 Rb1 22. f5 exf5 23.
gxf5 gxf5 24. Qh3 Qg6 25. Qxf5 Rf8 (25... Rc7 26. e6 fxe6 27. Qxe6+ Qxe6 28.
Nxe6 $11) 26. Rc2 $14 Bh6 27. Qxg6+ hxg6 28. Nf3 Rd1 29. Rfe2 f6 30. e6 Rc1 31.
Rxc1 Bxc1 32. Kg3 (32. Ne1 Bf4 $14) 32... Rc8 33. h4 Kg7 34. h5 f5 35. Nh4 f4+
$2 (35... gxh5 $142 36. Nxf5+ Kf6 $14) 36. Kf3 $18 g5 37. e7 Re8 $4 (37... gxh4
38. e8=Q Rxe8 39. Rxe8 h3 $18) 38. Nf5+ Kf6 39. Kg4 1-0

[Event "Franz. Team-Meisterschaft"]
[Site "Clichy FRA"]
[Date "2008.03.22"]
[Round "1"]
[White "Stellwagen, Daniel"]
[Black "Jakovenko, Dmitrij"]
[Result "0-1"]
[WhiteElo "2625"]
[BlackElo "2720"]
[PlyCount "88"]
[EventDate "2008.03.22"]
[EventType "team"]
[EventRounds "7"]
[EventCountry "FRA"]
[Source "Mark Crowther"]
[SourceDate "2008.01.14"]

1. e4 c6 2. d4 d5 3. Nc3 dxe4 4. Nxe4 Bf5 5. Ng3 Bg6 6. h4 h6 7. Nf3 {B19:
Caro-Kann (Hauptvariante)} Nd7 8. h5 Bh7 9. Bd3 Bxd3 10. Qxd3 e6 11. Bf4 Qa5+
12. Bd2 Bb4 13. c3 Be7 14. c4 Qc7 15. O-O-O Ngf6 16. Rhe1 b5 17. c5 O-O 18. Kb1
(18. Nf5 exf5 19. Rxe7 Nxc5 20. Qe2 Ncd7 21. Nh4 Qd6 22. Nxf5 Qd5 23. g4 Qxa2
24. g5 hxg5 25. Qe3 Qa1+ 26. Kc2 Qa4+ 27. Kc1 Qa1+ 28. Kc2 {Leko,P (2738)
-Karpov,A (2668)/Miskolc 2006/ 1/2-1/2}) 18... a5 19. Ne2 $146 (19. Qc2 Rfe8
20. Ne5 Bf8 21. f4 b4 22. Ne4 Nd5 23. g4 f6 24. Ng6 Qa7 25. Nd6 Bxd6 26. cxd6
a4 27. Qc4 N7b6 28. Qc5 Qa6 29. f5 b3 30. fxe6 Qd3+ 31. Ka1 a3 32. axb3 Qxb3 {
Michielsen,J (2314)-Braun,A (2540)/Hengelo 2007/ 0-1}) 19... Ng4 20. Rf1 Rfd8
21. Qc2 b4 22. Ne1 e5 23. f3 Ngf6 24. Nd3 Nd5 25. g4 exd4 (25... Bf6 26. f4 e4
27. Ne5 $15) 26. Nxd4 $11 Bf6 27. Nf5 a4 28. Nxb4 a3 29. Nxd5 cxd5 30. b4 Rab8
31. f4 (31. Kc1 Bb2+ 32. Kb1 Bf6 $11) 31... Nxc5 $15 32. Rc1 Rdc8 33. g5 hxg5
34. fxg5 Bxg5 $1 35. Qc3 (35. Bxg5 Rxb4+) 35... Rxb4+ $1 $19 36. Ka1 Bf6 37.
Nh6+ Kh7 38. Rxf6 Rc4 39. Rxf7 Rxc3 40. Bxc3 (40. Rxc7 Rxc1+ 41. Bxc1 Rxc7 42.
Nf5 Na4 43. Bxa3 Rc3 44. Bb2 Rf3 45. Kb1 Rxf5 $19) 40... Nd3 41. Rxc7 Rxc7 42.
Rg1 $4 (42. Rb1 $142 Rxc3 43. Nf5 $19) 42... Rxc3 43. Nf5 (43. Nf7 Nb4 44. Kb1
Re3 $19) 43... Nb4 44. Kb1 (44. Nd4 Rd3 45. Nb5 Rd2 46. Nxa3 Rxa2+ 47. Kb1 Rxa3
$19) 44... Rf3 (44... Rf3 45. Nd4 Rf2 $19) 0-1

[Event "Palace Hotel GM"]
[Site "Heviz "]
[Date "2008.03.18"]
[Round "1"]
[White "Almasi, Zoltan"]
[Black "Mikhalevski, Victor"]
[Result "1-0"]
[WhiteElo "2667"]
[BlackElo "2632"]
[PlyCount "65"]
[EventDate "2008.03.18"]
[EventType "tourn"]
[EventRounds "10"]
[EventCountry "HUN"]
[EventCategory "16"]
[Source "Mark Crowther"]
[SourceDate "2008.01.14"]

1. e4 e5 2. Nf3 Nc6 3. Bb5 a6 4. Ba4 Nf6 5. O-O Nxe4 6. d4 b5 7. Bb3 d5 8. dxe5
Be6 9. Nbd2 {C80: Spanische Partie (Offene Verteidigung)} Nc5 10. c3 d4 11.
Bxe6 Nxe6 12. cxd4 Ncxd4 13. a4 Bb4 14. axb5 Nxb5 15. Qa4 Be7 16. Ne4 O-O 17.
Rd1 Qc8 18. Be3 $146 (18. Bg5 Nxg5 19. Nexg5 Bxg5 20. Nxg5 h6 21. Ne4 Qe6 {
Galkin,A (2598)-Mikhalevski,V (2572)/Port Erin 2005 / 1/2-1/2}) (18. Qc2 Rd8
19. Bg5 Rxd1+ 20. Rxd1 Qe8 21. Bxe7 Qxe7 22. Qc6 Qe8 23. Qxe8+ Rxe8 24. Ra1
Nbd4 25. Nxd4 Nxd4 26. Ra4 Ne6 27. g3 Rb8 28. Rxa6 g5 29. Ra4 Kg7 30. Rc4 Rxb2
31. Nc5 Rb5 32. Nxe6+ fxe6 {Palac,M (2582)-Howell,D (2471)/Cap d'Agde 2006 / 1/
2-1/2}) 18... Re8 19. h4 h6 20. Rac1 Qb7 21. Ng3 Red8 22. Qg4 Kh8 23. Qh5 Kg8
24. Rxd8+ Rxd8 25. Bxh6 gxh6 (25... g6 $5 26. Qg4 Nbd4 $14) 26. Nf5 $18 Bf8 27.
Rc4 Rd7 $2 (27... Nbd4 $142 28. N3xd4 Nxd4 29. Nxd4 Qd5 30. Rxc7 Bg7 $18) 28.
Nxh6+ Bxh6 29. Qxh6 Nbd4 30. Nxd4 Nxd4 31. e6 $1 Rd5 (31... Nxe6 32. Rg4+ Ng5
33. Rxg5#) (31... fxe6 32. Rxd4 Rxd4 33. Qxe6+ Kh7 34. Qf7+ Kh6 35. Qf6+ Kh7
36. Qxd4 $18) 32. exf7+ Kxf7 33. Rxc7+ $3 (33. Rxc7+ Qxc7 34. Qh7+ Kf6 35. Qxc7
$18) 1-0

[Event "XXIII Open"]
[Site "Reykjavik "]
[Date "2008.03.10"]
[Round "8"]
[White "Caruana, Fabiano"]
[Black "Hillarp Persson, Tiger"]
[Result "1-0"]
[WhiteElo "2598"]
[BlackElo "2535"]
[PlyCount "89"]
[EventDate "2008.03.03"]
[EventType "swiss"]
[EventRounds "9"]
[EventCountry "ISL"]
[Source "Mark Crowther"]
[SourceDate "2008.01.14"]

1. e4 c5 2. Nf3 e6 3. d4 cxd4 4. Nxd4 a6 5. Bd3 {B42: Sizilianisch 
(Paulsen-Variante)} Nc6 6. Nxc6 dxc6 7. O-O e5 8. Nd2 Be6 9. Nf3 (9. Nc4 Bxc4
10. Bxc4 Qxd1 11. Rxd1 Bc5 12. Kf1 Nf6 13. f3 h6 14. Bd2 Bd4 15. Ba5 O-O 16. c3
Bc5 17. b4 Ba7 18. Bc7 Rfe8 19. a4 Rac8 20. Bd6 c5 21. b5 axb5 22. Bxb5 Re6 23.
Bc4 Ree8 {Korneev,O (2613)-Ivanov,J (2446)/Sevilla 2003/1-0}) 9... Bd6 $146 (
9... f6 10. Be3 Ne7 11. Qe2 Ng6 12. Rfd1 Qc8 13. Nd2 Bd6 14. Nc4 Bc7 15. Nb6
Nf4 16. Qf1 Bxb6 17. Bxb6 c5 18. a4 c4 19. Be2 Qc6 20. a5 O-O 21. f3 f5 22.
exf5 Rxf5 23. Be3 Raf8 24. Qf2 Rg5 {Del Rio Angelis,S (2490)-Wegerle,J (2365)/
France 2003/1-0}) 10. Ng5 Qe7 11. Nxe6 Qxe6 12. Bc4 Qe7 (12... Qxc4 13. Qxd6
Qe6 14. Qxe6+ fxe6 15. Rd1 $14) 13. Qg4 $14 Qf8 14. Bg5 Nf6 15. Bxf6 gxf6 16.
Rad1 Rd8 17. Rd3 h5 18. Qe2 Ke7 19. Rfd1 Qh6 20. Bxf7 Bc5 (20... Kxf7 $5 21.
Rxd6 Rxd6 22. Rxd6 Qc1+ 23. Rd1 Qg5 $18) 21. Rxd8 $18 Rxd8 22. Rxd8 (22. Bxh5
Rh8 23. g4 Rd8 24. Rxd8 Kxd8 $18) 22... Kxd8 $16 23. Bxh5 Kc7 24. g3 Qc1+ 25.
Kg2 Qxb2 26. Bf7 b5 27. h4 Qc1 28. Qf3 Qxc2 29. h5 Bf8 30. Bb3 Qb1 (30... Qc5
31. Qxf6 Qe7 32. Qxe7+ Bxe7 33. Kf3 $18) 31. Qe3 (31. Kh2 $142 $5 Bg7 32. Qe3
$18) 31... Kb7 $16 32. h6 Bxh6 33. Qxh6 Qxe4+ 34. Kh2 Qf3 35. Qd2 a5 (35... Qf5
$142 $5 $16) 36. Bd1 $18 Qf5 37. Kg2 a4 38. Qd6 Kb6 39. Bf3 Qc2 (39... e4 40.
Qd4+ Ka6 41. Bxe4 $18) 40. Qxf6 e4 (40... Qxa2 41. Qxc6+ Ka5 42. Qc3+ Kb6 43.
Qxe5 $18) 41. Qd4+ c5 (41... Ka5 42. Bxe4 Qxa2 43. Qc3+ Kb6 44. Qxc6+ Ka5 $18)
42. Bxe4 Qxa2 (42... cxd4 43. Bxc2 Kc6 $18) 43. Qd8+ Ka6 44. Qc7 Qb2 45. Bb7+ (
45. Bb7+ Ka7 46. Bc8+ Ka8 47. Qb7#) 1-0

[Event "Poln. Meisterschaft"]
[Site "Lublin "]
[Date "2008.03.05"]
[Round "9"]
[White "Socko, Bartosz"]
[Black "Gajewski, Grzegorz"]
[Result "1-0"]
[WhiteElo "2635"]
[BlackElo "2594"]
[PlyCount "83"]
[EventDate "2008.02.02"]
[EventType "tourn"]
[EventRounds "13"]
[EventCountry "POL"]
[EventCategory "13"]
[Source "Mark Crowther"]
[SourceDate "2008.01.14"]

1. d4 Nf6 2. c4 e6 3. Nf3 d5 4. Nc3 Bb4 {D38: Damengambit 
(Ragosin-Verteidigung)} 5. Qa4+ Nc6 6. e3 O-O 7. Qc2 a6 8. a3 Be7 9. b4 b6 $146
(9... dxc4 10. Bxc4 Bd6 11. O-O e5 12. h3 Qe7 13. Rd1 Bd7 14. d5 Nd8 15. e4 Nh5
16. Bd3 f6 17. g4 Nf4 18. Bxf4 exf4 19. e5 fxe5 20. Bxh7+ Kh8 21. Ne4 Nf7 22.
Bg6 Nh6 23. Neg5 Ng8 24. Re1 {Mirzoev,A (2543)-Landenbergue,C (2446)/Elgoibar
2006/1-0}) 10. Bb2 dxc4 11. Bxc4 Bb7 12. O-O b5 13. Bd3 h6 14. Ne4 Nd7 15. Rfd1
f5 (15... Qe8 16. Qb3 $14) 16. Nc3 (16. d5 exd5 17. Nc3 g6 18. Nxd5 Bd6 $16)
16... Nf6 (16... Qe8 $142 $5 $14) 17. d5 $16 Nxd5 18. Nxd5 Qxd5 19. e4 Nxb4 20.
axb4 fxe4 21. Bf1 Qc6 22. Qxc6 Bxc6 23. Ne5 (23. Rdc1 $5 Bd5 24. Rxc7 $18)
23... Bd5 $16 24. Rdc1 Bf6 (24... Rf5 $142 $5 25. Nc6 Bxc6 26. Rxc6 Bxb4 27.
Rxc7 Bc5 28. Rxg7+ Kf8 $16) 25. Rxc7 $18 Rfc8 26. Rac1 Rxc7 27. Rxc7 a5 28.
bxa5 Rxa5 29. Nc6 Ra2 30. Bxf6 gxf6 31. Ne7+ Kf8 32. Bxb5 Ra1+ 33. Bf1 Bb3 34.
Ng6+ Kg8 (34... Ke8 35. Nf4 $18) 35. h3 Re1 36. g3 Ba4 (36... f5 37. Nf4 $18)
37. Kg2 Bd1 38. Nh4 Bf3+ 39. Nxf3 exf3+ 40. Kg1 e5 41. Rc3 e4 (41... Kf7 42.
Rxf3 Rd1 43. Rd3 $18) 42. Re3 (42. Re3 Rxe3 43. fxe3 $18) 1-0

[Event "XXV SuperGM"]
[Site "Morelia/Linares "]
[Date "2008.02.28"]
[Round "8"]
[White "Ivanchuk, Vassily"]
[Black "Carlsen, Magnus"]
[Result "0-1"]
[WhiteElo "2751"]
[BlackElo "2733"]
[PlyCount "79"]
[EventDate "2008.02.15"]
[EventType "tourn"]
[EventRounds "14"]
[EventCategory "21"]
[Source "Mark Crowther"]
[SourceDate "2008.01.14"]

1. e4 e5 2. Nf3 Nc6 3. Bb5 Nf6 4. O-O Nxe4 {C67: Spanische Partie 
(Rio-de-Janeiro-Variante)} 5. d4 a6 6. Bxc6 dxc6 7. Qe2 Bf5 8. Re1 Bb4 $146 (
8... Be7 9. g4 Bg6 10. Nxe5 f5 11. Nc3 O-O 12. Nxg6 hxg6 13. Qc4+ Kh7 14. Nxe4
fxe4 15. Rxe4 Bh4 16. Be3 Qf6 17. f4 Rae8 18. Re5 Qd8 19. Rf1 Qd7 20. f5 gxf5
21. Rfxf5 Rxf5 22. gxf5 Bf6 23. Re6 {Georgiev,K (2480)-Piket,J (2550)/Corfu
1991/0-1}) (8... Bd6 9. dxe5 Bc5 10. Be3 $11) 9. c3 $14 Bd6 10. Qc2 Qd7 11.
dxe5 Bc5 12. Rxe4 O-O-O 13. Nbd2 Qd5 14. Kf1 Rhe8 15. b3 g5 16. Bb2 (16. c4
$142 $5 Qe6 17. h3 $16) 16... g4 $14 17. Nd4 Bxd4 (17... Bxe4 $5 18. Qxe4 Qxe4
19. Nxe4 Rxe5 20. Nxc5 Rxc5 $14) 18. cxd4 $16 c5 19. Rae1 cxd4 20. Qc4 (20. Qd1
$142 $5 Bxe4 21. Rxe4 $16) 20... Bxe4 $11 21. Rxe4 Rxe5 22. Rxg4 Rde8 23. Nf3
Qxc4+ 24. bxc4 Re2 25. Bxd4 Rxa2 26. Rg7 a5 27. Rxf7 Rc2 28. g4 a4 29. g5 a3
30. Rxh7 a2 31. Rh8 Rxh8 32. Bxh8 Rxc4 33. h3 (33. Ke2 Kd8 $15) 33... c5 34.
Ne1 $2 (34. Nd2 $142 Rc1+ 35. Ke2 $17) 34... Rc1 $19 35. g6 Kd7 36. Bb2 $2 (36.
Ke2 $142 c4 37. Ng2 $19) 36... Ke6 37. h4 $2 (37. Ke2 $19) 37... c4 38. h5 c3
39. Bxc1 a1=Q 40. Nd3 0-1

[Event "XXV SuperGM"]
[Site "Morelia"]
[Date "2008.02.20"]
[Round "5"]
[White "Leko, Peter"]
[Black "Anand, Viswanathan"]
[Result "0-1"]
[WhiteElo "2753"]
[BlackElo "2799"]
[PlyCount "90"]
[EventDate "2008.02.15"]
[EventType "tourn"]
[EventRounds "14"]
[EventCategory "21"]
[Source "Mark Crowther"]
[SourceDate "2008.01.14"]

1. e4 c5 2. Nf3 d6 3. d4 cxd4 4. Nxd4 Nf6 5. Nc3 a6 6. Be3 {B90: Sizilianisch 
(Najdorf-Variante, Abweichungen)} e5 7. Nb3 Be6 8. Qd2 Nbd7 9. f3 b5 10. O-O-O
Be7 11. Nd5 Bxd5 12. exd5 Nb6 13. Bxb6 Qxb6 14. Na5 Rc8 15. Nc6 Nxd5 16. Nxe7
Nxe7 17. Qxd6 Qxd6 18. Rxd6 Nc6 19. c3 Ke7 20. Rd1 $146 (20. Rd2 Rhd8 21. Rxd8
Rxd8 22. Be2 f5 23. a4 bxa4 24. Bxa6 Na5 25. Bb5 Nb3+ 26. Kb1 Nc5 27. Kc2 Rb8
28. Bc4 Rd8 29. Rd1 Rxd1 30. Kxd1 Kd6 31. Kd2 g5 32. Bg8 h6 33. Bh7 Ke6 34.
Bg8+ Kd6 {Mecking,H (2570)-Evans,L (2545)/San Antonio 1972/1/2-1/2}) 20... f5
21. Bd3 g6 22. Rhe1 Rhd8 23. Bf1 Rxd1+ 24. Rxd1 Na5 25. a4 Nc4 26. axb5 axb5
27. Rd5 Kf6 28. Rxb5 Ne3 29. Rb6+ Kg5 30. Ba6 Rd8 31. b4 Kf4 (31... Nxg2 $142
$5 32. Re6 e4 33. fxe4 Nf4 34. h4+ Kxh4 $11) 32. Rc6 $16 Nxg2 33. b5 Ra8 34.
Bb7 (34. Rc8 Ra7 35. Rc4+ Ke3 36. Ra4 $18) 34... Rb8 $11 35. Rc7 Ne1 36. Rxh7
Nxf3 37. c4 e4 38. Kc2 $2 (38. c5 $142 Re8 39. b6 $11) 38... e3 $19 39. Kd3 (
39. Kd1 Re8 40. Ke2 Rd8 $19) 39... g5 40. Ke2 (40. Re7 Ne5+ 41. Kc3 $19) 40...
Nd4+ 41. Ke1 Rd8 42. Re7 (42. Bd5 g4 43. Ra7 Nxb5 44. Ra1 $19) 42... Nc2+ 43.
Kf1 Rd1+ 44. Ke2 Rd2+ 45. Kf1 Nd4 (45... Nd4 46. h3 Rd1+ 47. Kg2 e2 $19) (45...
g4 46. Re6 Nd4 47. c5 Nxe6 48. Ke1 Nxc5 49. Kf1 Nxb7 50. Ke1 Nc5 51. Kf1 Kf3
52. Ke1 Nd3+ 53. Kf1 Rd1#) 0-1

[Event "XXV SuperGM"]
[Site "Morelia"]
[Date "2008.02.16"]
[Round "2"]
[White "Anand, Viswanathan"]
[Black "Aronian, Levon"]
[Result "0-1"]
[WhiteElo "2799"]
[BlackElo "2739"]
[PlyCount "68"]
[EventDate "2008.02.15"]
[EventType "tourn"]
[EventRounds "14"]
[EventCategory "21"]
[Source "Mark Crowther"]
[SourceDate "2008.01.14"]

1. e4 e5 2. Nf3 Nc6 3. Bb5 a6 4. Ba4 Nf6 5. O-O Be7 6. Re1 b5 7. Bb3 O-O 8. c3
d5 {C89: Spanische Partie (Marshall-Angriff)} 9. exd5 Nxd5 10. Nxe5 Nxe5 11.
Rxe5 c6 12. Re1 Bd6 13. g3 Re8 14. d4 (14. Rxe8+ Qxe8 15. d4 Ra7 16. Nd2 Re7
17. Nf3 f6 18. Kg2 Bg4 19. h3 Bh5 20. Bd2 Re2 21. g4 Bxg4 22. hxg4 Qe4 23. Qh1
Rxd2 24. Re1 Qxg4+ 25. Kf1 Rxb2 26. Bxd5+ cxd5 27. Ne5 Bxe5 28. Qxd5+ Kf8 {
Almasi,Z (2691)-Jakovenko,D (2710)/Khanty-Mansiysk 2007/1/2-1/2}) 14... Rxe1+
$146 (14... Bg4 15. Rxe8+ Qxe8 16. Qxg4 Qe1+ 17. Kg2 Qxc1 18. Qe2 a5 19. Bxd5
cxd5 20. Qd2 Qxd2 21. Nxd2 a4 22. a3 f5 23. f4 Kf7 24. Nf1 Re8 25. Kf3 Re4 26.
Ne3 Ke6 27. Rb1 h6 28. h4 g5 29. hxg5 hxg5 30. Rh1 gxf4 31. Rh6+ Kd7 32. Nxf5
Bc7 33. g4 {Hellers,F (2525)-Howell,J (2450)/New York 1990/CBM 016 ext/1-0 (41)
}) 15. Qxe1 Ra7 16. Be3 Re7 17. Nd2 Qe8 18. Nf1 h5 19. a4 Be6 20. Bd1 h4 21.
axb5 axb5 22. Bf3 Bh3 23. Bxd5 cxd5 24. Qd1 f5 (24... hxg3 25. hxg3 Qc6 26. Bg5
$14) 25. Bg5 (25. Qb3 Qc6 26. Bg5 Re8 $16) 25... Re4 26. Bxh4 Qg6 27. Bd8 f4
28. Qd3 (28. Bb6 $5 $16) 28... Qh5 $11 29. Nd2 Re2 30. Nf3 $4 (30. Bh4 $142 $11
) 30... Re3 $3 $19 31. fxe3 (31. Qd1 Rxf3 32. Bh4 $19) 31... Qxf3 32. Qc2 (32.
Qf1 Bxf1 33. Rxf1 Qxe3+ 34. Kh1 fxg3 35. Bh4 Qe4+ 36. Kg1 gxh2+ 37. Kf2 Qxh4+
38. Ke2 Qg4+ 39. Ke3 Qg3+ 40. Ke2 Qg2+ 41. Ke1 Bg3+ 42. Kd1 Qxf1+ 43. Kc2 h1=Q
44. Kb3 Qc4+ 45. Kc2 Qhf1 46. Kd2 Qce2#) 32... fxg3 33. hxg3 Qxg3+ 34. Kh1 Bf5
$3 (34... Bf5 35. Rf1 Bxc2 36. Rf4 Bxf4 37. Bh4 Be4#) 0-1

[Event "dt. Bundesliga"]
[Site "?"]
[Date "2008.02.09"]
[Round "8.1"]
[White "Svidler, Peter"]
[Black "Stellwagen, Daniel"]
[Result "0-1"]
[WhiteElo "2732"]
[BlackElo "2639"]
[PlyCount "60"]
[EventDate "2008.??.??"]
[EventRounds "8"]
[Source "Mark Crowther"]
[SourceDate "2008.01.14"]

1. e4 c5 2. Nf3 e6 3. d4 cxd4 4. Nxd4 Nc6 5. Nc3 Qc7 6. Be2 a6 7. O-O Nf6 8.
Kh1 Be7 9. f4 d6 {B85: Sizilianisch (Scheveninger System)} 10. Nxc6 bxc6 11.
Qd3 O-O 12. b3 d5 (12... c5 13. Qg3 Bb7 14. Bd3 d5 15. e5 Nh5 16. Qh3 g6 17.
Bb2 Rae8 18. Rae1 f5 19. Be2 Ng7 20. Bf3 Rb8 21. Rd1 Rfd8 22. Qg3 d4 23. Nb1
Be4 24. Na3 c4 25. Nxc4 Bxc2 26. Rxd4 Rxd4 27. Bxd4 {Svidler,P (2689)
-Movsesian,S (2666)/Shenyang 2000/1-0}) 13. Bb2 Bb7 $146 (13... a5 14. Qg3 Bb7
15. e5 Nd7 16. Rae1 Kh8 17. Qh3 g6 18. Rf3 Rfe8 19. Na4 c5 20. Bb5 Red8 21. f5
gxf5 22. Bxd7 d4 23. Bb5 Bxf3 24. Qxf3 Rab8 25. Bd3 Rd5 26. Bc1 Rxe5 27. Rf1
Rd5 28. g4 {Lanka,Z (2504)-Movsesian,S (2659)/Batumi 1999/CBM 074/[Ftacnik]/
1-0 (41)}) 14. Rae1 c5 15. e5 Nd7 16. Bg4 g6 17. Qh3 Rad8 (17... Nb6 18. Rf3 d4
19. Ne4 Bxe4 20. Rxe4 $11) 18. Ne2 (18. Bxe6 fxe6 19. Qxe6+ Rf7 20. Nxd5 Bxd5
21. Qxd5 c4 $11) 18... Rfe8 19. Ng3 Bf8 20. f5 exf5 21. Rxf5 (21. Bxf5 gxf5 22.
Rxf5 f6 $15) 21... gxf5 $15 22. Bxf5 Nf6 23. Rf1 (23. Qh4 $5 Bg7 24. Bc3 $15)
23... Rxe5 $17 24. Nh5 Bg7 25. Nxg7 (25. Nxf6+ Bxf6 26. Bxh7+ Kf8 27. Qh6+ Bg7
28. Bxe5 Qxe5 $19) 25... d4 $19 26. Qg3 $4 (26. Qh6 $142 Qc6 27. Bh3 $19) 26...
Kh8 27. Bc1 (27. c3 Qe7 28. Bc1 dxc3 $19) 27... Rg8 28. Bh6 (28. Bg5 Qd6 29.
Bg6 $19) 28... Nh5 $3 29. Qh3 Qc6 (29... Re2 30. Rg1 Qe5 31. Bd3 Rxg2 32. Be4
Bxe4 33. Rxg2 Bc6 34. Bd2 Qxg7 35. Kg1 Bxg2 36. Qh4 Bh3+ 37. Bg5 Qf6 38. Qxh3
Qxg5+ 39. Kf1 Qc1+ 40. Kf2 Qg1+ 41. Ke2 Nf4+ 42. Kd2 Nxh3 43. Kd3 Qd1+ 44. Ke4
Rg5 45. b4 Qe2#) 30. Bf4 (30. Bg4 Qxh6 31. Nxh5 Bxg2+ 32. Qxg2 Rxh5 33. Bxh5
Rxg2 34. Kxg2 Qg5+ 35. Kh1 Qxh5 36. Rf2 $19) 30... Rxf5 (30... Rxf5 31. Nxf5
Rxg2 32. Qf3 Nxf4 33. Nh4 Rxc2 34. Kg1 Nh3+ 35. Kh1 Qc7 36. Rf2 Bxf3+ 37. Nxf3
Rxf2 38. a3 Rxf3 39. Kg2 Rxb3 40. a4 Qf4 41. a5 Qf3#) 0-1